000 00315nam a22001337a 4500
999 _c12072
_d12072
020 _a9789699466533
082 _a818.409
100 _aDr.Ayesha Malik MD
245 _aWonderland of life an autobiography
260 _aKarachi
_bRub Publisher
_c2019
300 _a200
650 _aEnglish Fiction
942 _cBK